Bobby Brown Discography - Statistics

General Stats
  • This quiz has been taken 9 times
  • The average score is 6 of 11
Answer Stats
Year Name Type % Correct
1992 Bobby Album
100%
1988 Don't Be Cruel Album
100%
1986 King of Stage Album
88%
1997 Forever Album
50%
1989 Dance!...Ya Know It! Remix Album
38%
2013 Icon: Bobby Brown Compilation
38%
1993 Remixes in the Key of B Remix Album
38%
2012 The Masterpiece Album
38%
2006 The Definitive Collection Compilation
25%
1995 Two Can Play that Game Remix Album
25%
1993 Hits Remixed Remix Album
13%
No matching quizzes found
Score Distribution
Percent of People with Each Score
Percentile by Number Answered
Your Score History
You have not taken this quiz